Rapid assessment of the biodiversity and socio-ecosystem aspects of the Ramal de Calderas, Venezuelan Andes (Registro nro. 8187)
[ vista simple ]
| 000 -CABECERA | |
|---|---|
| Campo de control | 01681nam a22003617a 4500 |
| 005 - FECHA Y HORA DE LA ULTIMA TRANSACCION | |
| Campo de control | 20160912151056.0 |
| 008 - ELEMENTOS DE LONGITUD FIJA—INFORMACION GENERAL | |
| Campo de control | 140228t2010 vauabdogr|||| 00| 0 spa d |
| 020 ## - ISBN | |
| ISBN | 978193151372 |
| 041 ## - IDIOMA | |
| Código de idioma para texto/pista de sonido o título separado | Español |
| -- | Inglés |
| 044 ## - PAÍS DE PUBLICACIÓN | |
| País de publicación | Estados Unidos |
| 082 ## - NUMERO DE CLASIFICACION DECIMAL DEWEY | |
| Número de clasificación | 333.95 |
| Número del ítem | R21e |
| 110 2# - ASIENTO PRINCIPAL--NOMBRE CORPORATIVO | |
| Nombre corporativo o de jurisdicción como elemento de entrada | Conservation International |
| 242 10 - TRADUCCION DEL TITULO POR LA AGENCIA CATALOGADORA | |
| Título | Evaluación rápida de la biodiversidad y aspectos socioecosistémicos del Ramal de Calderas, Andes de Venezuela |
| Mención de responsabilidad | Rapid Evaluation Program |
| Código de idioma del título traducido | spa |
| 245 10 - MENCION DE TITULO | |
| Título | Rapid assessment of the biodiversity and socio-ecosystem aspects of the Ramal de Calderas, Venezuelan Andes |
| Mención de responsabilidad | Rapid Evaluation Program |
| 260 ## - PUBLICACION, DISTRIBUCION, ETC. (PIE DE IMPRENTA) | |
| Lugar de publicación, distribución, etc. | Virginia |
| Nombre del editor, distribuidor, etc. | Conservation International |
| Fecha de publicación, distribución, etc. | 2010 |
| 300 ## - DESCRIPCION FISICA | |
| Extensión | 183 p. |
| Otros detalles físicos | il., fot., mapas, tablas, gráficas |
| Dimensiones | 28 cm |
| Material acompañante | CD-ROM LB-05771 |
| 490 0# - MENCION DE SERIE | |
| Mención de serie | The RAP Bulletin of Biological Assessment |
| Número International Normalizado para Libros | 56 |
| 505 ## - NOTA DE CONTENIDO | |
| Nota de contenido | Incluye Contenido |
| 520 ## - NOTA DE RESUMEN, ETC. | |
| Nota de resumen | Las planicies deltaicas del río Orinoco y Golfo de Paria contituyen, en su conjunto, uno de los mayores humedales de Suramerica y uno de los ecosistemas mejor conservados del mundo |
| 590 ## - NOTA LOCAL | |
| Nota local | 242 traducción por la empresa catalogadora |
| 650 #4 - ASIENTO SECUNDARIO DE MATERIA - TERMINO TEMATICO | |
| Término temático o nombre geográfico como elemento de entrada | Anfibios |
| Subdivisión general | Estudio |
| Subdivisión geográfica | Venezuela |
| 650 #4 - ASIENTO SECUNDARIO DE MATERIA - TERMINO TEMATICO | |
| Término temático o nombre geográfico como elemento de entrada | Reptiles |
| Subdivisión general | Estudio |
| Subdivisión geográfica | Venezuela |
| 650 #4 - ASIENTO SECUNDARIO DE MATERIA - TERMINO TEMATICO | |
| Término temático o nombre geográfico como elemento de entrada | Aves |
| Subdivisión general | Estudio |
| Subdivisión geográfica | Venezuela |
| 650 #4 - ASIENTO SECUNDARIO DE MATERIA - TERMINO TEMATICO | |
| Término temático o nombre geográfico como elemento de entrada | Hábitats |
| Subdivisión general | Estudio |
| Subdivisión geográfica | Venezuela |
| 650 #4 - ASIENTO SECUNDARIO DE MATERIA - TERMINO TEMATICO | |
| Término temático o nombre geográfico como elemento de entrada | Ecosistema |
| Subdivisión general | Estudio |
| Subdivisión geográfica | Venezuela |
| 650 #4 - ASIENTO SECUNDARIO DE MATERIA - TERMINO TEMATICO | |
| Término temático o nombre geográfico como elemento de entrada | Vegetación |
| Subdivisión general | Estudio |
| Subdivisión geográfica | Venezuela |
| 700 1# - ASIENTO SECUNDARIO - NOMBRE PERSONAL | |
| Nombre personal | Rial B., Anabel |
| Término de relación | editor |
| 700 1# - ASIENTO SECUNDARIO - NOMBRE PERSONAL | |
| Nombre personal | Señaris, J. Celsa |
| Término de relación | editor |
| 700 1# - ASIENTO SECUNDARIO - NOMBRE PERSONAL | |
| Nombre personal | Lasso, Carlos A. |
| Término de relación | editor |
| 700 1# - ASIENTO SECUNDARIO - NOMBRE PERSONAL | |
| Nombre personal | Velásquez, Grisel |
| Término de relación | mapas |
| 700 1# - ASIENTO SECUNDARIO - NOMBRE PERSONAL | |
| Nombre personal | Flores, Ana Liz |
| Término de relación | editor |
| 942 ## - ELEMENTOS ADICIONALES (KOHA) | |
| Sistema de clasificación | Dewey Decimal Classification |
| Tipo de ítem | Impreso |
| Koha issues (borrowed), all copies | 6 |
| Withdrawn status | Lost status | Sistema de Clasificación | Damaged status | No para préstamo | Colección | Inventariado | Ubicación Permanente | Ubicación actual | Fecha de adquisición | Fuente de Valor | Valor | Total Checkouts | Número topográfico | Inventario / Código de Barras | Date last seen | Date checked out | Ejemplar | Price effective from | Forma de adquisición | Tipo de material |
|---|---|---|---|---|---|---|---|---|---|---|---|---|---|---|---|---|---|---|---|---|
| Dewey Decimal Classification | General | Inventariado 2017 | Bogotá | Bogotá | 28/02/2014 | Instituto | 39000.00 | 3 | LB-574.526 B68b | 035033 | 21/05/2015 | 21/05/2015 | Ej. 1 | 28/02/2014 | Libro | |||||
| Dewey Decimal Classification | General | Inventariado 2017 | Sala Fabio Quevedo | Sala Fabio Quevedo | 28/02/2014 | Instituto | 39000.00 | 3 | LB-574.526 B68b | 035034 | 04/07/2014 | 06/06/2014 | Ej. 2 | 28/02/2014 | Libro |